000 00561nam a2200193Ia 4500
005 20250508152955.0
008 008 250505s9999 xx 000 0 hin d
037 _aTextual
040 _aFEDL
_beng
_cFEDL
041 _ahin
_2eng
084 _a370, VAR
_qFEDL
100 _aVarma Vaid Nath
_9762898
245 0 _aShikshan - vichar dhara : Shiksha ke vibhinn vishyoin se sambdh nibandh
260 _aPatna, India
_bDelhi Pustak Sadan
_c1962
300 _a244p
650 _aEducation
942 _cTEXL
_h370, VAR
999 _c1339928
_d1339928